000 00407nam a2200169Ia 4500
008 090711s9999 xx 000 0 und d
082 _b58363
100 _aथोरे अशोक
245 _aअटॅक
260 _c1987
300 _a158
600 _aथोरे अशोक
630 _aअटॅक
700 _aथोरे अशोक
730 _aअटॅक
942 _cBOOK
999 _c303624
_d303624